An introduction to the foundations of education / (Record no. 185757)
[ view plain ]
| 000 -LEADER | |
|---|---|
| fixed length control field | 00898 a2200217 4500 |
| 003 - CONTROL NUMBER IDENTIFIER | |
| control field | NUST |
| 005 - DATE AND TIME OF LATEST TRANSACTION | |
| control field | 20230102133154.0 |
| 010 ## - LIBRARY OF CONGRESS CONTROL NUMBER | |
| LC control number | 84082411 |
| 020 ## - INTERNATIONAL STANDARD BOOK NUMBER | |
| International Standard Book Number | 0395358043 |
| 040 ## - CATALOGING SOURCE | |
| Transcribing agency | Nust |
| 082 00 - DEWEY DECIMAL CLASSIFICATION NUMBER | |
| Classification number | 370,ORN |
| 100 1# - MAIN ENTRY--PERSONAL NAME | |
| Personal name | Ornstein, Allan C. |
| 9 (RLIN) | 106635 |
| 245 13 - TITLE STATEMENT | |
| Title | An introduction to the foundations of education / |
| Statement of responsibility, etc. | Allan C. Ornstein, Daniel U. Levine. |
| 250 ## - EDITION STATEMENT | |
| Edition statement | 3rd ed. |
| 260 ## - PUBLICATION, DISTRIBUTION, ETC. | |
| Place of publication, distribution, etc. | Boston : |
| Name of publisher, distributor, etc. | Houghton Mifflin, |
| Date of publication, distribution, etc. | c1985. |
| 300 ## - PHYSICAL DESCRIPTION | |
| Extent | xvii, 557, [28] p. : |
| Other physical details | ill. ; |
| Dimensions | 24 cm. |
| 505 ## - FORMATTED CONTENTS NOTE | |
| Formatted contents note | Part 1:- Understanding the Teaching Profession (Page-1), Part 2:- Historical and Philosophical Foundations (Page-70), Part 3:- Political Economic and Legal Foundations (Page-214), Social Foundations (Page-320), Part 5:- School in a Changing Society (Page-442). |
| 650 #0 - SUBJECT ADDED ENTRY--TOPICAL TERM | |
| Topical term or geographic name entry element | Teaching |
| General subdivision | Handbooks, manuals, etc. |
| 9 (RLIN) | 106636 |
| 700 1# - ADDED ENTRY--PERSONAL NAME | |
| Personal name | Levine, Daniel U., |
| Dates associated with a name | 1935- |
| 9 (RLIN) | 106637 |
| 942 ## - ADDED ENTRY ELEMENTS (KOHA) | |
| Source of classification or shelving scheme | |
| Koha item type | Book |
| Call number prefix | 370,ORN |
| Withdrawn status | Lost status | Source of classification or shelving scheme | Damaged status | Not for loan | Permanent Location | Current Location | Shelving location | Date acquired | Full call number | Barcode | Date last seen | Price effective from | Koha item type | Public note |
|---|---|---|---|---|---|---|---|---|---|---|---|---|---|---|
| Military College of Signals (MCS) | Military College of Signals (MCS) | General Stacks | 12/12/2016 | 370,ORN | MCS20611 | 12/08/2016 | 12/12/2016 | Book | Almirah No.54, Shelf No.1 | |||||
| Military College of Signals (MCS) | Military College of Signals (MCS) | General Stacks | 12/12/2016 | 370,ORN | MCS20639 | 12/08/2016 | 12/12/2016 | Book | Almirah No.74, Shelf No.3 |
